Fine Arts - Auditory Fine Arts | 0 | 7 | 1 | 0 | 65 | 73 | 112.14 | 3 | 7 |
Fine Arts - Visual Fine Arts | 1 | 5 | 2 | 1 | 55 | 63 | 96.00 | 4 | 6 |
Religion | 0 | 4 | 0 | 0 | 40 | 122 | 130.00 | 1 | 4 |
Mythology | 0 | 4 | 1 | 1 | 35 | 80 | 106.75 | 2 | 4 |
Literature - European Literature | 1 | 2 | 0 | 0 | 35 | 63 | 111.00 | 1 | 3 |
Literature - World Literature | 1 | 2 | 0 | 0 | 35 | 27 | 68.67 | 3 | 3 |
Science - Other Science | 0 | 3 | 0 | 0 | 30 | 72 | 86.33 | 2 | 3 |
Philosophy | 0 | 2 | 0 | 1 | 20 | 55 | 96.50 | 1 | 2 |
Literature - British Literature | 0 | 2 | 0 | 0 | 20 | 91 | 102.50 | 0 | 2 |
Fine Arts - Other Fine Arts | 0 | 1 | 0 | 0 | 10 | 99 | 99.00 | 0 | 1 |
Pop Culture | 0 | 1 | 0 | 0 | 10 | 100 | 100.00 | 1 | 1 |
Science - Chemistry | 0 | 1 | 0 | 0 | 10 | 97 | 97.00 | 1 | 1 |
Literature - American Literature | 0 | 1 | 0 | 0 | 10 | 97 | 97.00 | 1 | 1 |
Science - Physics | 0 | 2 | 3 | 1 | 5 | 88 | 110.50 | 1 | 2 |
History - Other History | 0 | 0 | 1 | 0 | -5 | | 0.00 | 0 | 0 |
Social Science | 0 | 0 | 2 | 0 | -10 | | 0.00 | 0 | 0 |